000
00280nac a2200097zu 4500
008
260114s1975 mx a|||br|||| 001 0 spa d
245
_a
EL SOLDADITO DE PLOMO
_b
Y OTROS CUENTOS
260
_a
MÉXICO:
_b
PEPSA EDITORES
_c
1975
300
_a
117 páginas;
_c
18.3 X 12 cm
942
_2
ddc
_c
BKN
999
_c
68481
_d
68481